[Event "Francophone-ch blitz 5th"]
[Site "Cannes"]
[Date "2018.07.13"]
[Round "2"]
[White "Lagarde, Maxime"]
[Black "Mory, Eric"]
[Result "1-0"]
[WhiteElo "2615"]
[BlackElo "2144"]
[PlyCount "97"]
[EventDate "2018.07.13"]
[EventType "swiss (blitz)"]
[EventRounds "11"]
[EventCountry "FRA"]
[SourceTitle "CBM 185 Extra"]
[Source "ChessBase"]
[SourceDate "2018.07.29"]
[SourceVersion "1"]
[SourceVersionDate "2018.07.29"]
[SourceQuality "1"]

1. b3 f6 2. Bb2 Nh6 3. h4 d5 4. e3 a6 5. d4 c5 6. dxc5 e5 7. c4 Be6 8. cxd5 Qxd5 9. Qxd5 Bxd5 10. Nc3 Bc6 11. b4 Nd7 12. Nf3 a5 13. a3 axb4 14. axb4 Rxa1+ 15. Bxa1 b6 16. Bc4 bxc5 17. b5 Bxf3 18. gxf3 Nb6 19. Be6 Bd6 20. Nd5 Nxd5 21. Bxd5 Ke7 22. b6 Rb8 23. b7 Nf7 24. Ke2 Nd8 25. Rb1 Ne6 26. Bc3 Nc7 27. Bc4 Kd7 28. Ba5 Kc6 29. Rb6+ Kd7 30. h5 g6 31. h6 Be7 32. Bg8 Bd8 33. Rb1 Ne6 34. Bxd8 Nxd8 35. Bxh7 g5 36. Bf5+ Ke7 37. h7 Nf7 38. Be4 c4 39. Bd5 Nh8 40. Bxc4 Kd6 41. Bd3 Nf7 42. Be4 Ke6 43. Rd1 f5 44. Bd5+ Kf6 45. Bxf7 Kxf7 46. Rd7+ Kg6 47. Rc7 f4 48. Rc8 Rxb7 49. h8Q 1-0

[Event "Marseille op 4th"]
[Site "Marseille"]
[Date "2011.12.27"]
[Round "4"]
[White "Sivan, Michel"]
[Black "Mory, Eric"]
[Result "0-1"]
[WhiteElo "1836"]
[BlackElo "2111"]
[PlyCount "82"]
[EventDate "2011.12.26"]
[EventType "swiss"]
[EventRounds "9"]
[EventCountry "FRA"]
[SourceTitle "CBM 146 Extra"]
[Source "ChessBase"]
[SourceDate "2012.02.29"]
[SourceVersion "1"]
[SourceVersionDate "2012.02.29"]
[SourceQuality "1"]

1. e4 Nf6 2. Nc3 d6 3. d4 g6 4. f4 Bg7 5. h3 0-0 6. Be3 c6 7. Qf3 Qa5 8. e5 Nd5 9. Bd2 Qb6 10. Nxd5 cxd5 11. Bc3 dxe5 12. fxe5 Be6 13. Qe3 Nc6 14. Nf3 Rae8 15. 0-0-0 f6 16. exf6 exf6 17. Bd3 Bf5 18. Qf2 Be4 19. g4 Qc7 20. Rhf1 a6 21. Kb1 b5 22. Bxe4 Rxe4 23. Nd2 Re7 24. Nb3 f5 25. Qg2 Qd6 26. gxf5 gxf5 27. Be1 Kh8 28. c3 a5 29. Nc5 f4 30. Bd2 b4 31. Rde1 bxc3 32. bxc3 Rxe1+ 33. Rxe1 f3 34. Qg5 f2 35. Rf1 Qb8+ 36. Kc2 Qb5 37. Ne6 Nxd4+ 38. cxd4 Rc8+ 39. Bc3 Qe2+ 40. Qd2 Qxf1 41. Nxg7 Qe1 0-1

[Event "Marseille op 4th"]
[Site "Marseille"]
[Date "2011.12.26"]
[Round "1"]
[White "Mory, Eric"]
[Black "Ferrari, Louis"]
[Result "1-0"]
[WhiteElo "2111"]
[BlackElo "1658"]
[PlyCount "71"]
[EventDate "2011.12.26"]
[EventType "swiss"]
[EventRounds "9"]
[EventCountry "FRA"]
[SourceTitle "CBM 146 Extra"]
[Source "ChessBase"]
[SourceDate "2012.02.29"]
[SourceVersion "1"]
[SourceVersionDate "2012.02.29"]
[SourceQuality "1"]

1. b4 d5 2. Bb2 Bf5 3. Nf3 e6 4. e3 Nf6 5. b5 c6 6. a4 Bd6 7. Be2 Nbd7 8. Nd4 Bg6 9. bxc6 bxc6 10. Nxc6 Qb6 11. Bxf6 Nxf6 12. Nc3 0-0 13. Nd4 Be5 14. Rb1 Qc5 15. Nb3 Qc8 16. Nd4 Bxd4 17. exd4 Rb8 18. 0-0 Qc7 19. Rb5 Rfc8 20. g3 Rxb5 21. axb5 Qb6 22. Na4 Qxd4 23. c3 Qe5 24. d4 Qc7 25. Qb3 Ne4 26. Ra1 Rb8 27. Qb4 a5 28. Qb2 h6 29. f3 Nd6 30. Nc5 Qa7 31. Ra4 Rb6 32. Kf2 Nb7 33. Qa3 Bc2 34. Rb4 Rd6 35. Rb2 Bg6 36. Nxb7 1-0

[Event "FRA-chT2 South 0809"]
[Site "France"]
[Date "2009.02.08"]
[Round "7.1"]
[White "Rombaldoni, Denis"]
[Black "Mory, Eric"]
[Result "1-0"]
[WhiteElo "2418"]
[BlackElo "2112"]
[PlyCount "51"]
[EventDate "2008.10.12"]
[EventType "tourn"]
[EventRounds "11"]
[EventCountry "FRA"]
[SourceTitle "EXT 2010"]
[Source "ChessBase"]
[SourceDate "2010.11.25"]
[SourceVersion "1"]
[SourceVersionDate "2010.11.25"]
[SourceQuality "1"]
[WhiteTeam "Monaco"]
[BlackTeam "Hyeres II"]
[WhiteTeamCountry "FRA"]
[BlackTeamCountry "FRA"]

1. Nf3 Nf6 2. c4 g6 3. b4 Bg7 4. Bb2 0-0 5. Nc3 d5 6. e3 c6 7. Qb3 Be6 8. Ng5 dxc4 9. Bxc4 Bxc4 10. Qxc4 Nfd7 11. f4 Na6 12. a3 e5 13. Nce4 Nb6 14. Qa2 h6 15. Nh3 Nd5 16. Bxe5 Bxe5 17. fxe5 Qh4+ 18. Nhf2 Rae8 19. g3 Qd8 20. Ng4 Kg7 21. Qb2 f5 22. exf6+ Kh7 23. Ng5+ hxg5 24. h4 Nf4 25. hxg5+ Nh5 26. Qc2 1-0

[Event "Paris-ch op-A"]
[Site "Paris"]
[Date "2008.07.03"]
[Round "6"]
[White "Baron, Thierry"]
[Black "Mory, Eric"]
[Result "1-0"]
[WhiteElo "2259"]
[BlackElo "2118"]
[PlyCount "57"]
[EventDate "2008.06.28"]
[EventType "swiss"]
[EventRounds "9"]
[EventCountry "FRA"]
[SourceTitle "CBM 125 Extra"]
[Source "ChessBase"]
[SourceDate "2008.09.01"]
[SourceVersion "1"]
[SourceVersionDate "2008.09.01"]
[SourceQuality "1"]

1. e4 Nf6 2. e5 Nd5 3. d4 d6 4. c4 Nb6 5. exd6 exd6 6. Nc3 Be7 7. Be2 0-0 8. h3 Bf6 9. Ne4 Re8 10. Nxf6+ Qxf6 11. Be3 Nc6 12. Rc1 Qg6 13. Kf1 Bf5 14. Nf3 Be4 15. Ng5 d5 16. Bh5 Qf5 17. Bxf7+ Kh8 18. Bxe8 Rxe8 19. Nxe4 Qxe4 20. b3 dxc4 21. bxc4 Rf8 22. Kg1 Rd8 23. Qg4 Qd3 24. Kh2 Nxc4 25. Rhd1 Nxe3 26. Rxd3 Nxg4+ 27. hxg4 Rd7 28. d5 Ne7 29. Rxc7 1-0

[Event "FRA-chT3"]
[Site "France"]
[Date "2001.??.??"]
[Round "8"]
[White "Bouchetit, Koudir"]
[Black "Mory, Eric"]
[Result "0-1"]
[WhiteElo "1780"]
[BlackElo "2175"]
[PlyCount "78"]
[EventDate "2001.??.??"]
[EventType "team-tourn"]
[EventRounds "9"]
[EventCountry "FRA"]
[SourceTitle "EXT 2003"]
[Source "ChessBase"]
[SourceDate "2002.11.25"]
[SourceVersion "1"]
[SourceVersionDate "2002.11.25"]
[SourceQuality "1"]

1. e4 c5 2. Nf3 Nc6 3. d4 cxd4 4. Nxd4 e6 5. Be3 Nf6 6. Nc3 Bb4 7. Bd3 a6 8. f4 Qb6 9. Nf5 Qa5 10. Ng3 h5 11. h4 d5 12. Bd2 d4 13. Nb1 Ng4 14. c3 dxc3 15. Nxc3 Qb6 16. Qe2 Nd4 17. Qf1 Bd7 18. Nge2 Nb5 19. Rh3 Bc5 20. 0-0-0 Rc8 21. Kb1 Nxc3+ 22. Nxc3 Ba3 23. b3 Nf2 24. Be3 Nxd1 25. Bxb6 Nxc3+ 26. Ka1 Nd5 27. Bb1 Nxb6 28. Qe1 Bc5 29. a4 Bd4+ 30. Ka2 e5 31. f5 Rh6 32. Rg3 Rhc6 33. Qd1 Rc1 34. Qxh5 R8c2+ 35. Ka3 Rxb1 36. Qh8+ Ke7 37. f6+ gxf6 38. Rg8 Ra2+ 39. Kb4 Rxa4# 0-1

[Event "Toulon op"]
[Site "Toulon"]
[Date "2001.??.??"]
[Round "2"]
[White "Mory, Eric"]
[Black "Ikonnikov, Vyacheslav"]
[Result "0-1"]
[WhiteElo "2130"]
[BlackElo "2552"]
[PlyCount "62"]
[EventDate "2001.10.??"]
[EventType "swiss"]
[EventRounds "9"]
[EventCountry "FRA"]
[SourceTitle "CBM 085 Extra"]
[Source "ChessBase"]
[SourceDate "2002.01.21"]
[SourceVersion "1"]
[SourceVersionDate "2002.01.21"]
[SourceQuality "1"]

1. e4 c5 2. Nf3 Nc6 3. d3 g6 4. g3 Bg7 5. Bg2 Nf6 6. 0-0 0-0 7. Re1 d6 8. c3 e5 9. a3 h6 10. b4 Be6 11. Bb2 b5 12. d4 cxd4 13. cxd4 Bg4 14. Qd3 Qb6 15. dxe5 dxe5 16. Nc3 Bxf3 17. Bxf3 Nd4 18. Bg2 Rac8 19. Rac1 Rc4 20. Ne2 Ng4 21. Rf1 Rfc8 22. h3 Nxf2 23. Kxf2 Nc2+ 24. Kf3 Qf6+ 25. Nf4 g5 26. Rf2 Nd4+ 27. Bxd4 Rxc1 28. Bb2 R1c4 29. Bf1 gxf4 30. Qd7 Rc2 31. Qxa7 fxg3+ 0-1

[Event "Monaco Masters"]
[Site "Monte Carlo"]
[Date "2000.02.25"]
[Round "7"]
[White "Mory, Eric"]
[Black "Caposciutti, Maurizio"]
[Result "0-1"]
[WhiteElo "2134"]
[BlackElo "2344"]
[PlyCount "70"]
[EventDate "2000.02.21"]
[EventType "tourn"]
[EventRounds "9"]
[EventCountry "MNC"]
[EventCategory "3"]
[SourceTitle "CBM 074 Extra"]
[Source "ChessBase"]
[SourceDate "2000.03.10"]
[SourceVersion "2"]
[SourceVersionDate "2000.03.10"]
[SourceQuality "1"]

1. d4 d6 2. Nf3 Bg4 3. Nbd2 Nd7 4. e4 Ngf6 5. c3 e5 6. Bc4 exd4 7. cxd4 d5 8. exd5 Nb6 9. Qe2+ Be7 10. Bb5+ Kf8 11. 0-0 Nbxd5 12. h3 Bh5 13. Ne4 c6 14. Bc4 Nxe4 15. Qxe4 Bg6 16. Qe2 Bf6 17. Re1 h6 18. Ne5 Bxe5 19. dxe5 Kg8 20. Qg4 Kh7 21. f4 h5 22. Qf3 Qh4 23. Be3 Nxe3 24. Rxe3 Rhf8 25. Rc1 Bf5 26. Rb3 Rab8 27. Bf1 g6 28. Ra3 a6 29. g3 Qd8 30. Kh2 Qd2+ 31. Bg2 Qxc1 32. g4 Be6 33. Qg3 Bd5 34. gxh5 Bxg2 35. Qh4 Qh1+ 0-1

[Event "Monaco Masters"]
[Site "Monte Carlo"]
[Date "2000.02.24"]
[Round "6"]
[White "Guidarelli, Laurent"]
[Black "Mory, Eric"]
[Result "1-0"]
[WhiteElo "2359"]
[BlackElo "2134"]
[PlyCount "115"]
[EventDate "2000.02.21"]
[EventType "tourn"]
[EventRounds "9"]
[EventCountry "MNC"]
[EventCategory "3"]
[SourceTitle "CBM 074 Extra"]
[Source "ChessBase"]
[SourceDate "2000.03.10"]
[SourceVersion "2"]
[SourceVersionDate "2000.03.10"]
[SourceQuality "1"]

1. e4 c5 2. Nf3 e6 3. d4 cxd4 4. Nxd4 a6 5. c4 Nf6 6. Bd3 Nc6 7. Nc2 Qc7 8. 0-0 Ne5 9. b3 Bc5 10. Nc3 Neg4 11. g3 h5 12. Bf4 Qb6 13. Qe2 e5 14. Be3 Nxe3 15. fxe3 Ng4 16. Nd5 Qd8 17. Qf3 f6 18. h3 Nh6 19. Qxh5+ Nf7 20. Qg6 Kf8 21. Nxf6 Rh6 22. Nh7+ Kg8 23. Qxf7+ Kxh7 24. b4 Be7 25. Rf5 d6 26. Rh5 Bg5 27. Rf1 Bd7 28. Kg2 Rc8 29. h4 Bf6 30. Rxf6 Qxf6 31. Qxd7 Rxh5 32. Qxc8 Qe7 33. Be2 Rh6 34. Bg4 Rf6 35. Bf5+ g6 36. Qd7 Rf7 37. Qxe7 Rxe7 38. Bg4 Kg7 39. Be2 Rc7 40. Ne1 a5 41. b5 Kf6 42. Nf3 b6 43. Nd2 Rb7 44. Nb1 Kg7 45. Nc3 Rb8 46. Nd5 Rb7 47. g4 Rb8 48. g5 Rb7 49. Bg4 Kf7 50. Bc8 Rb8 51. Bd7 Rb7 52. Bc6 Rb8 53. Nf6 Rh8 54. Kg3 Ke7 55. Nd5+ Kd8 56. Nxb6 Rf8 57. Nd5 Rf1 58. b6 1-0

[Event "Monaco Masters"]
[Site "Monte Carlo"]
[Date "2000.02.23"]
[Round "3"]
[White "Olivier, Jean Christophe"]
[Black "Mory, Eric"]
[Result "0-1"]
[WhiteElo "2356"]
[BlackElo "2134"]
[PlyCount "146"]
[EventDate "2000.02.21"]
[EventType "tourn"]
[EventRounds "9"]
[EventCountry "MNC"]
[EventCategory "3"]
[SourceTitle "CBM 074 Extra"]
[Source "ChessBase"]
[SourceDate "2000.03.10"]
[SourceVersion "2"]
[SourceVersionDate "2000.03.10"]
[SourceQuality "1"]

1. e4 c5 2. Nf3 e6 3. d4 cxd4 4. Nxd4 a6 5. Bd3 Bc5 6. Nb3 Ba7 7. 0-0 Nc6 8. Qg4 Qf6 9. Nc3 h5 10. Qe2 Nge7 11. Be3 g5 12. Bxa7 Rxa7 13. Qe3 Qf4 14. Qxf4 gxf4 15. Rfd1 Ng6 16. Be2 Ke7 17. Rd2 Nce5 18. Nd4 b5 19. f3 Rg8 20. Kf2 Rc7 21. Nb3 h4 22. Na5 Rc5 23. Nb3 Rc7 24. a4 b4 25. Na2 Nc6 26. Rad1 Nge5 27. Nbc1 Rg5 28. Bf1 f6 29. Be2 Ng6 30. Nd3 Rb7 31. Nac1 Na5 32. b3 Nc6 33. Nb2 Rc7 34. Nc4 a5 35. Nd6 Nb8 36. Bb5 Ne5 37. Ne2 Ng6 38. Nxc8+ Rxc8 39. Bxd7 Rc7 40. Bb5 Rgc5 41. Rd8 Nc6 42. Rg8 Kf7 43. Rxg6 Kxg6 44. Nxf4+ Kf7 45. Bc4 Ne5 46. Bxe6+ Ke8 47. Ne2 Rxc2 48. f4 Re7 49. Bf5 Nc6 50. Rd6 Rc7 51. Kf3 Rb2 52. Bg4 Ke7 53. Rd3 Rc8 54. g3 Rd8 55. Re3 Rdd2 56. Bh5 Rxe2 57. Rxe2 Nd4+ 58. Ke3 Nxe2 59. Bxe2 Rxb3+ 60. Bd3 hxg3 61. hxg3 Ra3 62. g4 b3 63. Kd2 b2 64. Bb1 Rxa4 65. Kc3 Rb4 66. g5 fxg5 67. fxg5 Rb8 68. e5 a4 69. g6 a3 70. Kc2 Kf8 71. e6 Kg7 72. e7 Kf6 73. Kc3 Kxe7 0-1

[Event "Toulon op 5th"]
[Site "Toulon"]
[Date "1999.11.02"]
[Round "5"]
[White "Mory, Eric"]
[Black "Janev, Evgeni"]
[Result "0-1"]
[WhiteElo "2108"]
[BlackElo "2345"]
[PlyCount "70"]
[EventDate "1999.10.??"]
[EventType "swiss"]
[EventRounds "9"]
[EventCountry "FRA"]
[SourceTitle "CBM 073 Extra"]
[Source "ChessBase"]
[SourceDate "2000.01.11"]
[SourceVersion "1"]
[SourceVersionDate "2000.01.11"]
[SourceQuality "1"]

1. d4 Nf6 2. Bg5 d6 3. Bxf6 exf6 4. g3 f5 5. Bg2 Be7 6. e3 Nd7 7. c4 Nf6 8. Nc3 c6 9. Nge2 0-0 10. 0-0 Re8 11. b4 Bf8 12. b5 Bd7 13. Qd3 g6 14. a4 a5 15. bxc6 bxc6 16. Rfb1 h5 17. Ra2 Rb8 18. Rab2 Rxb2 19. Rxb2 h4 20. Qb1 hxg3 21. hxg3 Ng4 22. Rb7 Bh6 23. Qb6 Bxe3 24. fxe3 Qg5 25. d5 c5 26. Rxd7 Qxe3+ 27. Kh1 Qh6+ 28. Kg1 Qh2+ 29. Kf1 Ne3+ 30. Ke1 Nxc4 31. Qb5 Qxg3+ 32. Kd1 Qd3+ 33. Ke1 Qxc3+ 34. Kf1 Qd3 35. Kg1 Qxe2 0-1

[Event "FRA-chT3 9899"]
[Site "France"]
[Date "1999.??.??"]
[Round "4"]
[White "Bizat, Michel"]
[Black "Mory, Eric"]
[Result "0-1"]
[WhiteElo "2130"]
[BlackElo "2100"]
[PlyCount "64"]
[EventDate "1998.??.??"]
[EventType "team-tourn"]
[EventRounds "7"]
[EventCountry "FRA"]
[SourceTitle "EXT 2000"]
[Source "ChessBase"]
[SourceDate "1999.11.16"]
[SourceVersion "1"]
[SourceVersionDate "1999.11.16"]
[SourceQuality "1"]

1. e4 c5 2. Nc3 Nc6 3. f4 d6 4. Nf3 g6 5. Bc4 Bg7 6. d3 e6 7. 0-0 Nge7 8. Qe1 Bd7 9. f5 gxf5 10. Bg5 Qb6 11. Nb5 Ne5 12. Nxe5 Bxe5 13. a4 a6 14. a5 Qc6 15. Nc3 Rg8 16. Bxe7 Kxe7 17. Bb3 Rg4 18. Ba4 Rag8 19. g3 Qc7 20. Rf3 Bxa4 21. Rxa4 Qc6 22. Rc4 f4 23. Ne2 fxg3 24. Nxg3 h5 25. c3 h4 26. d4 hxg3 27. dxe5 gxh2+ 28. Kxh2 d5 29. exd5 Rg2+ 30. Kh1 Qxd5 31. Rcf4 R2g3 32. Rxf7+ Ke8 0-1

[Event "FRA-chJM2"]
[Site "Rochefort"]
[Date "1998.??.??"]
[Round "6"]
[White "Guidarelli, Laurent"]
[Black "Mory, Eric"]
[Result "1-0"]
[WhiteElo "2225"]
[BlackElo "2100"]
[PlyCount "111"]
[EventDate "1998.04.??"]
[EventType "swiss"]
[EventRounds "9"]
[EventCountry "FRA"]
[SourceTitle "EXT 2000"]
[Source "ChessBase"]
[SourceDate "1999.11.16"]
[SourceVersion "1"]
[SourceVersionDate "1999.11.16"]
[SourceQuality "1"]

1. e4 c5 2. Nc3 Nc6 3. Nge2 d6 4. d4 cxd4 5. Nxd4 Nf6 6. Bc4 Qb6 7. Nb3 e6 8. Be3 Qc7 9. Be2 a6 10. f4 Be7 11. 0-0 0-0 12. Bf3 b5 13. Qe1 Rd8 14. Qf2 Rb8 15. Rae1 Bf8 16. Kh1 Ne7 17. e5 Ne8 18. Ba7 Ng6 19. Bxb8 Qxb8 20. Bh5 Qc7 21. Re3 d5 22. Nd4 Bc5 23. Nce2 Ne7 24. Qh4 g6 25. Bg4 Ng7 26. Qh6 Nef5 27. Bxf5 Nxf5 28. Nxf5 Bf8 29. Qh4 exf5 30. Rc3 Qb6 31. Qf2 d4 32. Rd3 Bc5 33. c3 Be6 34. cxd4 Qa5 35. Rdd1 Ba7 36. Nc1 Qb4 37. a3 Qa4 38. Ne2 Qc2 39. Nc3 Qxf2 40. Rxf2 Rxd4 41. Rxd4 Bxd4 42. Rf1 Bc4 43. Rd1 Be3 44. g3 a5 45. Kg2 b4 46. axb4 axb4 47. Nd5 Bxd5+ 48. Rxd5 Bc1 49. b3 Bb2 50. Kf3 Kf8 51. Ke2 Ke7 52. Kd3 h6 53. Rc5 Ke6 54. Rc6+ Ke7 55. Rc2 Ba3 56. Kd4 1-0